Designs in point ground lace from Australian wildflowers

Bibliographic Details
Main Author: Kenn, Elwyn
Format: Book
Published: Australia : Kangaroo Press , 1994
Subjects:

MARC

LEADER 00000cam a2200000 7i4500
001 0000004335
002 000004658
005 20000330.0
020 |a 0864175779 
090 0 0 |a 746.22   |b KEN 
100 1 |a Kenn, Elwyn 
245 1 0 |a Designs in point ground lace from Australian wildflowers   |c Elwyn Kenn 
260 |a Australia :   |b Kangaroo Press ,   |c 1994 
300 |a 95 p. ;   |c 27 cm. 
650 0 0 |a Lace and lace making 
999 |a 037382   |b BUKU   |c PINJAMAN   |e PERPUSTAKAAN KOMUNITI PETALING JAYA